000 00594nam a2200229Ia 4500
003 OSt
005 20220926043747.0
006 a|||||r|||| 00| 0
007 ta
008 220923b |||||||| |||| 00| 0 eng d
037 _cGeneral Book
040 _aRTL
_cRTL
_beng
041 _2eng
_aeng
082 _aY1, J21;K0
100 _aGreen Arnold W
_9134104
245 0 _aSociology
_b An analysis of life in modern society
250 _a3rd
260 _c1952
650 _aEssays Sociology
942 _hY1, J21;K0
_cGB
_2CC
999 _c673123
_d673123